|
|
|
|
| LEADER |
00000nam a2200000 a 4500 |
| 001 |
vtls009160856 |
| 003 |
SK-MaSNL |
| 005 |
20260301170552.0 |
| 008 |
240318s2005 xo g 000 0 slo |
| 015 |
|
|
|a SNBA2008/02-00626
|
| 020 |
|
|
|a 8085353229
|q (brož.)
|
| 035 |
|
|
|a urn:nbn:sk:snk-am00dhgx
|
| 035 |
|
|
|a urn:nbn:sk:snk-am3i2eo
|
| 035 |
|
|
|a B238B9BC-E1D8-42AD-8AD8-D63A6B7E4DA6
|
| 040 |
|
|
|a SNK
|b slo
|c SNK
|e AACR2
|
| 041 |
0 |
|
|a slo
|a fre
|
| 044 |
|
|
|a xo
|c SK
|
| 072 |
|
7 |
|a 81
|x Lingvistika. Jazyky
|2 konspekt
|
| 080 |
|
|
|a 811.162.4
|2 2001
|
| 080 |
|
|
|a 811.133.1
|2 2001
|
| 080 |
|
|
|a (038)81
|2 2001
|
| 100 |
1 |
|
|a Mináriková, Hana
|4 aut
|9 375779
|
| 245 |
1 |
0 |
|a Slovensko-francúzsky slovník ; Dictionnaire français-slovaque
|c Hana Mináriková
|
| 250 |
|
|
|a 1. vyd.
|
| 260 |
|
|
|a Bratislava
|b Topas
|c 2005
|
| 300 |
|
|
|a 149, 117 s.
|c 14 cm
|
| 500 |
|
|
|a Zvratmo viazané texty majú vlastné stránkovanie
|
| 650 |
0 |
7 |
|a slovenčina
|2 SNKPH
|9 1350
|
| 650 |
0 |
7 |
|a francúzština
|2 SNKPH
|9 1355
|
| 650 |
0 |
7 |
|a Slovak language
|2 SNKPHeng
|9 266031
|
| 650 |
0 |
7 |
|a French language
|2 SNKPHeng
|9 277849
|
| 655 |
|
7 |
|a dvojjazyčné prekladové slovníky
|2 SNKPH
|9 70744
|
| 655 |
|
7 |
|a Bilingual translation dictionaries
|2 SNKPHeng
|9 287935
|
| 740 |
0 |
2 |
|a Dictionnaire français-slovaque
|
| 919 |
|
|
|a 80-85353-22-9
|
| 958 |
|
|
|a LX
|
| 968 |
|
|
|d 81
|
| 999 |
|
|
|c 828014
|d 829944
|
| 952 |
|
|
|a SNK
|b SNK
|y PREZ
|7 0
|p 17A0571160
|o snkSE 11514
|i snk2007/25389
|8 0
|0 0
|1 0
|4 0
|d 2007-11-20
|f 1
|l 0
|r 2026-02-24 03:27:45
|w 2026-02-24
|
| 952 |
|
|
|a SNK
|b SNK
|y VYP
|7 0
|p 17A0571161
|o snkSE 11514 D1
|i snk2007/25390
|8 0
|0 0
|1 0
|4 0
|d 2007-11-20
|l 0
|r 2026-02-24 03:27:45
|w 2026-02-24
|